| 000 | 01461nam a2200289 i 4500 | ||
|---|---|---|---|
| 001 | bg | ||
| 100 | 1 | _aZIAJA, Jerzy | |
| 245 | 1 | 0 |
_aNiskotemperaturowe zmęczenie cieplne metali o sieci heksagonalnej - kryterium zniszczenia / _cJerzy Ziaja. |
| 246 | 1 | 1 | _aLow temperature thermal fatigue of HPC-metals - criterion of failure |
| 260 |
_aWrocław : _bOficyna Wydawnicza PW, _c1994. |
||
| 300 |
_a152 s. : _bfot., rys., wykr. ; _c24 cm. |
||
| 490 | 1 |
_aPrace Naukowe Instytutu Materiałoznawstwa i Mechaniki Technicznej Politechniki Wrocławskiej. Monografie = _aScientific Papers of the Institute of Materials Science and Applied Mechanics of the Technical University of Wrocław. Monographs, _x0324-9565 ; _v23 |
|
| 500 | _aTyt. równol. : Low temperature thermal fatigue of HPC-metals - criterion of failure. - Na okł. błędny ISSN. | ||
| 500 | _aNumeracja ser. gł. : 54. | ||
| 504 | _aBibliogr. s. 135-146. - Rez., summ., Zsfassung. | ||
| 650 | 9 |
_aMetale _xmechanika |
|
| 650 | 9 |
_aNaprężenia i odkształcenia _xbadanie |
|
| 650 | 9 |
_aPlastyczność _xzagadnienia |
|
| 650 | 9 |
_aRentgenografia _xstosowanie _xtechnika |
|
| 650 | 9 |
_aTechnika niskich temperatur _xzagadnienia |
|
| 830 | 0 |
_aPrace Naukowe Instytutu Materiałoznawstwa i Mechaniki Technicznej Politechniki Wrocławskiej. _pMonografie ; _v23 |
|
| 040 | _cBPK | ||
| 041 | 0 |
_apl _benderu |
|
| 080 | _a669.017/.018:539.3/.6:620.1 | ||
| 942 | _cKS | ||
| 008 | s pl f |000 0 pol | ||
| 999 |
_c30544 _d30544 |
||
| 856 |
_uhttp://koha.tu.koszalin.pl/cgi-bin/koha/opac-detail.pl?biblionumber=30544 _yKatalog online BPK |
||